[Event "AUTO-OPEN-1736"]
[Site "http://www.queenalice.com/game.php?id=672512"]
[Date "2009.10.26"]
[Round "1"]
[White "nenem"]
[Black "jamesosnss"]
[Result "1-0"]
[WhiteElo "1852"]
[BlackElo "1751"]

1. c4 c5 2. Nf3 Nc6 3. g3 g6 4. Bg2 Bg7 5. Nc3 e6 6. O-O Nge7 7. d3 O-O 8. Bd2
d5 9. Qc1 dxc4 10. dxc4 b6 11. Rb1 Bb7 12. Bh6 Nf5 13. Bxg7 Kxg7 14. Qf4 Qf6 15.
Ne5 Qxe5 16. Qxe5+ Nxe5 17. Bxb7 Rab8 18. Be4 Nxc4 19. Rfd1 Rfd8 20. Bxf5 exf5
21. Nb5 Rxd1+ 22. Rxd1 Rb7 23. Rd8 a6 24. Nd6 Nxd6 25. Rxd6 a5 26. Kf1 Kf8 27.
Ke1 Ke7 28. Rd2 b5 29. Kd1 1-0

[Event "AUTO-OPEN-1736"]
[Site "http://www.queenalice.com/game.php?id=672513"]
[Date "2009.10.26"]
[Round "1"]
[White "jamesosnss"]
[Black "nenem"]
[Result "1-0"]
[WhiteElo "1739"]
[BlackElo "1886"]

1. d4 d5 2. c4 dxc4 3. e4 e5 4. Nf3 exd4 5. Bxc4 h6 6. Ne5 Be6 7. Bxe6 fxe6 8.
Qh5+ g6 9. Qxg6+ Ke7 10. Qf7+ Kd6 11. Nc4+ Kc5 12. Qxe6 Qd7 13. Qe5+ Kxc4 14.
b3+ Kd3 15. O-O Bg7 16. Rd1+ Kc2 17. Na3+ Kxd1 18. Qh5+ Ke1 19. Bf4# 1-0

[Event "AUTO-OPEN-1736"]
[Site "http://www.queenalice.com/game.php?id=672532"]
[Date "2009.10.26"]
[Round "1"]
[White "jamesosnss"]
[Black "rheenz"]
[Result "0-1"]
[WhiteElo "1717"]
[BlackElo "2305"]

1. d4 d5 2. c4 Nf6 3. Nc3 e6 4. Bg5 Be7 5. Nf3 O-O 6. e3 c6 7. Bd3 dxc4 8. Bxc4
Nd5 9. Bxe7 Qxe7 10. Rc1 Nd7 11. O-O N7b6 12. Be2 Nxc3 13. Rxc3 f6 14. e4 e5 15.
dxe5 fxe5 16. Rc5 Qxc5 0-1

[Event "AUTO-OPEN-1736"]
[Site "http://www.queenalice.com/game.php?id=672533"]
[Date "2009.10.26"]
[Round "1"]
[White "rheenz"]
[Black "jamesosnss"]
[Result "1-0"]
[WhiteElo "2315"]
[BlackElo "1741"]

1. e4 c6 2. d4 d5 3. e5 Bf5 4. Bd3 Bxd3 5. Qxd3 e6 6. Nf3 Qa5+ 7. c3 Qa6 8. Qxa6
Nxa6 9. O-O Ne7 10. b4 b5 11. a4 Nc7 12. Bg5 Nf5 13. axb5 cxb5 14. Nbd2 Be7 15.
Bxe7 Kxe7 16. Ra2 a6 17. Nb3 Ra7 18. Nc5 f6 19. h4 1-0

[Event "AUTO-ADV-1518"]
[Site "http://www.queenalice.com/game.php?id=672645"]
[Date "2009.10.26"]
[Round "1"]
[White "jamesosnss"]
[Black "valdiluis"]
[Result "0-1"]
[WhiteElo "1739"]
[BlackElo "1964"]

1. d4 d5 2. c4 e6 3. Nc3 Bb4 4. Bd2 Ne7 5. Nf3 O-O 6. e3 Nbc6 7. Be2 dxc4 8.
Bxc4 Nf5 9. O-O Bd6 10. Rc1 a6 11. Bb3 Nh4 12. a3 Bd7 13. Bc2 Qf6 14. Ne4 Nxf3+
15. Qxf3 Qxf3 16. gxf3 f5 17. Nxd6 cxd6 18. Kh1 Rf6 19. Rg1 Raf8 20. Rg2 e5 21.
dxe5 dxe5 22. Bc3 Rg6 23. Rxg6 hxg6 24. Rd1 Be6 25. Rg1 Kf7 26. Bd3 Ne7 27. Bxe5
Nd5 28. e4 Nb6 0-1

[Event "AUTO-ADV-1518"]
[Site "http://www.queenalice.com/game.php?id=672646"]
[Date "2009.10.26"]
[Round "1"]
[White "valdiluis"]
[Black "jamesosnss"]
[Result "1-0"]
[WhiteElo "1985"]
[BlackElo "1781"]

1. c4 c5 2. Nc3 Nf6 3. e3 Nc6 4. g3 g6 5. Bg2 Bg7 6. Nf3 O-O 7. O-O e6 8. Nb5 d5
9. b3 b6 10. d4 Ne4 11. Bb2 Bb7 12. Rc1 a6 13. cxd5 exd5 14. Nd2 Nxd2 15. Qxd2
axb5 16. dxc5 Bxb2 17. Qxb2 bxc5 18. Rxc5 Qb6 19. Rxd5 Nb4 20. Rd4 Bxg2 21. Kxg2
Rxa2 22. Qb1 Rfa8 23. Rxb4 Qb7+ 24. Qe4 Qxe4+ 25. Rxe4 Rb2 26. Rb4 Ra3 27. Rxb5
Raxb3 28. Rxb3 Rxb3 29. h4 h5 30. Kf3 Ra3 31. Kf4 Kg7 32. e4 Ra5 33. Re1 f6 34.
e5 fxe5+ 35. Rxe5 Ra4+ 36. Re4 Ra7 37. g4 Rf7+ 38. Kg3 hxg4 39. Rxg4 Kh6 40. f4
Ra7 41. Kh3 Ra5 42. Rg5 Ra3+ 43. Kg4 Ra1 44. Re5 Rg1+ 45. Kh3 Rh1+ 46. Kg3 Rg1+
47. Kh2 1-0

[Event "AUTO-ADV-1518"]
[Site "http://www.queenalice.com/game.php?id=672647"]
[Date "2009.10.26"]
[Round "1"]
[White "jamesosnss"]
[Black "ajbsantos"]
[Result "1-0"]
[WhiteElo "1778"]
[BlackElo "1985"]

1. d4 d5 2. c4 e6 3. Nc3 Nf6 4. Nf3 c6 5. e3 Be7 6. Be2 O-O 7. O-O Nbd7 8. Qc2
b6 9. b3 h6 10. h3 Qc7 11. Bb2 e5 12. dxe5 Nxe5 13. Nxe5 Qxe5 14. Nxd5 Qg5 15.
Nxe7+ Kh8 16. Nxc8 Raxc8 17. Bf3 c5 18. Rfd1 Kg8 19. Rd2 Rcd8 20. Rad1 Rxd2 21.
Rxd2 Re8 22. Kh2 Kf8 23. Bxf6 Qxf6 24. Rd7 a5 25. Qd2 g6 26. Qd6+ Qxd6+ 27. Rxd6
Re6 28. Rd8+ Ke7 29. Rd5 g5 30. Bg4 Rd6 31. Re5+ Kf6 32. Rf5+ Kg6 33. Rd5 Rf6
34. Bf3 Kg7 35. a3 Re6 36. b4 axb4 37. axb4 cxb4 38. Rb5 Kf8 39. Rxb4 Ke7 40. c5
bxc5 41. Re4 Rxe4 42. Bxe4 c4 43. g4 Kd6 44. Kg3 f6 45. f4 c3 46. fxg5 hxg5 47.
Bd3 Kc5 48. h4 gxh4+ 49. Kxh4 Kb4 50. g5 fxg5+ 51. Kxg5 Kb3 52. e4 1-0

[Event "AUTO-ADV-1518"]
[Site "http://www.queenalice.com/game.php?id=672648"]
[Date "2009.10.26"]
[Round "1"]
[White "ajbsantos"]
[Black "jamesosnss"]
[Result "1-0"]
[WhiteElo "2033"]
[BlackElo "1784"]

1. e4 c6 2. d4 d5 3. Nc3 dxe4 4. Nxe4 Nd7 5. Ng5 Ngf6 6. Bd3 e6 7. N1f3 Be7 8.
O-O h6 9. Ne4 O-O 10. Bf4 Nxe4 11. Bxe4 Nf6 12. Re1 Nxe4 13. Rxe4 Re8 14. Qd3 c5
15. Rd1 b6 16. Ree1 cxd4 17. Be5 Bb7 18. Nxd4 Qd5 19. Qg3 g6 20. Nf3 Qxa2 21.
Qf4 Bf8 22. Rd7 Re7 23. Rxe7 Bxe7 24. Qxh6 1-0

[Event "AUTO-ADV-1518"]
[Site "http://www.queenalice.com/game.php?id=672649"]
[Date "2009.10.26"]
[Round "1"]
[White "jamesosnss"]
[Black "SubRoger"]
[Result "0-1"]
[WhiteElo "1761"]
[BlackElo "2059"]

1. d4 d5 2. c4 c6 3. Nf3 Nf6 4. Nc3 Bf5 5. cxd5 cxd5 6. Qb3 Bc8 7. Bg5 e6 8. e4
dxe4 9. Nxe4 Be7 10. Nc3 O-O 11. Bc4 Nbd7 12. O-O Rb8 13. Bd3 h6 14. Bf4 Ra8 15.
Rfd1 a6 16. d5 Nc5 17. Qc2 Nxd5 18. Nxd5 exd5 0-1

[Event "AUTO-ADV-1518"]
[Site "http://www.queenalice.com/game.php?id=672650"]
[Date "2009.10.26"]
[Round "1"]
[White "SubRoger"]
[Black "jamesosnss"]
[Result "1-0"]
[WhiteElo "2009"]
[BlackElo "1778"]

1. e4 e5 2. f4 exf4 3. Nf3 g5 4. Bc4 g4 5. Ne5 Nh6 6. O-O d6 7. Nd3 f3 8. g3 Nc6
9. Nf4 Qf6 10. Nc3 Qd4+ 11. Kh1 Qxc4 12. d3 Qa6 13. Ncd5 Kd8 14. Be3 Bg7 15. c3
Ne7 16. Qd2 Nxd5 17. Nxd5 Ng8 18. a3 Be6 19. Nf4 Nf6 20. d4 Nxe4 21. Nxe6+ fxe6
22. Bg5+ Nxg5 23. Qxg5+ Kd7 24. Qxg7+ Kc6 25. c4 h5 26. b4 b5 27. Rfc1 bxc4 28.
a4 Rag8 29. b5+ Kb6 30. Qd7 1-0

[Event "AUTO-ADV-1700"]
[Site "http://www.queenalice.com/game.php?id=750454"]
[Date "2010.3.23"]
[Round "1"]
[White "cardosorafael"]
[Black "jamesosnss"]
[Result "0-1"]
[WhiteElo "1856"]
[BlackElo "1749"]

1. e4 e6 2. d4 d5 3. exd5 exd5 4. Nf3 Nf6 5. c4 Be7 6. Be2 O-O 7. O-O Nc6 8. Nc3
Re8 9. Re1 Bg4 10. cxd5 Nxd5 11. Qb3 Nxc3 12. Qxc3 Bb4 13. Qb3 Bxe1 14. Bg5
Bxf2+ 15. Kxf2 Rxe2+ 16. Kxe2 Bxf3+ 17. gxf3 Nxd4+ 0-1

[Event "AUTO-ADV-1700"]
[Site "http://www.queenalice.com/game.php?id=750455"]
[Date "2010.3.23"]
[Round "1"]
[White "jamesosnss"]
[Black "cardosorafael"]
[Result "0-1"]
[WhiteElo "1794"]
[BlackElo "1847"]

1. d4 Nf6 2. c4 e6 3. Nf3 Bb4+ 4. Bd2 Bxd2+ 5. Nbxd2 c5 6. e3 d5 7. Be2 O-O 8.
O-O cxd4 9. Nxd4 b6 10. cxd5 Nxd5 11. Rc1 Bb7 12. N2f3 Nd7 13. Qc2 Rc8 14. Qd1
Qf6 15. a3 Rfd8 16. b4 Nc3 17. Qd2 Nxe2+ 18. Qxe2 e5 19. Rxc8 Rxc8 20. Nc2 Bxf3
21. gxf3 Qg6+ 22. Kh1 Rxc2 23. Qd1 Rc7 24. Qd5 Qe6 25. Qa8+ Nf8 0-1

[Event "AUTO-ADV-1700"]
[Site "http://www.queenalice.com/game.php?id=750468"]
[Date "2010.3.23"]
[Round "1"]
[White "giraldes"]
[Black "jamesosnss"]
[Result "0-1"]
[WhiteElo "1507"]
[BlackElo "1773"]

1. d4 Nf6 2. f3 e6 3. Bg5 Be7 4. e4 O-O 5. Bc4 d5 6. exd5 Nxd5 7. Bxe7 Qxe7 8.
Nd2 Ne3 9. Qc1 Nxc4 10. Nxc4 Qb4+ 11. Nd2 Qxd4 12. Ne2 Qd8 13. Nc3 a6 14. Qd1
Nd7 15. Qe2 Nf6 16. O-O-O b5 17. Nde4 Qe7 18. Kb1 b4 19. Na4 Nxe4 20. Qxe4 Bd7
21. b3 Bxa4 22. bxa4 c5 23. h4 h5 24. g3 Rad8 25. Rxd8 Rxd8 26. g4 Rd4 27. Qe5
Qd6 28. Qxd6 Rxd6 29. gxh5 e5 0-1

[Event "AUTO-ADV-1700"]
[Site "http://www.queenalice.com/game.php?id=750469"]
[Date "2010.3.23"]
[Round "1"]
[White "jamesosnss"]
[Black "giraldes"]
[Result "1-0"]
[WhiteElo "1769"]
[BlackElo "1668"]

1. d4 d5 2. c4 c6 3. Nf3 f6 4. e3 Bg4 5. Be2 e6 6. O-O Bd6 7. h3 Bf5 8. Nc3 Ne7
9. cxd5 exd5 10. Re1 g5 11. a3 Qd7 12. Bd3 h5 13. Bxf5 Qxf5 14. e4 dxe4 15. Nxe4
g4 16. Nxd6+ Kf8 17. Nxf5 Nxf5 18. hxg4 hxg4 19. Nh2 g3 20. fxg3 Nxg3 21. d5 Nd7
22. dxc6 Nb6 23. Qd6+ Kf7 24. Re7+ Kg6 25. Qxg3+ Kf5 26. Qg4# 1-0

[Event "AUTO-ADV-1700"]
[Site "http://www.queenalice.com/game.php?id=750478"]
[Date "2010.3.23"]
[Round "1"]
[White "jamesosnss"]
[Black "schwam"]
[Result "0-1"]
[WhiteElo "1802"]
[BlackElo "2006"]

1. d4 d5 2. c4 e6 3. Nc3 Nf6 4. cxd5 exd5 5. Bg5 Be7 6. Nf3 c6 7. e3 Bf5 8. Be2
Nbd7 9. O-O h6 10. Bxf6 Bxf6 11. Rc1 O-O 12. Bd3 Bh7 13. Re1 b5 14. a3 a5 15. b4
a4 16. Bxh7+ Kxh7 17. Qc2+ Kg8 18. e4 dxe4 19. Nxe4 Nb8 20. Nxf6+ Qxf6 21. Ne5
Ra6 22. h3 Rd8 23. Qe4 Re8 24. Qf3 Qxf3 25. Nxf3 Kf8 26. Rxe8+ Kxe8 27. d5 f6
28. Nd4 Kd7 29. Nf5 g6 30. dxc6+ Rxc6 31. Rxc6 Nxc6 0-1